| 000 | 00806nam a2200217Ia 4500 | ||
|---|---|---|---|
| 008 | 130821s2004 sp a gr spa | ||
| 020 | _a8473563840 | ||
| 040 |
_aCo-BoUCM _bspa |
||
| 041 | 0 | 0 | _aspa |
| 100 | 1 |
_aSagi-Vela Grande, Luis _9162095 |
|
| 245 | 1 | 0 |
_aGestión por competencias el reto compartido del crecimiento personal y de la organización _cLuis Sagi-Vela Grande |
| 260 |
_aMadrid (España) _bEsic Editorial _c2004 |
||
| 300 |
_a194 páginas _bilustraciones, cuadros, tablas |
||
| 490 | 0 | _aLibros profesionales de empresa. | |
| 504 | _aIncluye bibliografía | ||
| 650 | 0 | 4 |
_aAdministración de empresas _9435 |
| 650 | 0 | 4 |
_aAdministración de personal _98562 |
| 650 | 0 | 4 |
_aSalarios _923893 |
| 942 |
_cLIBRO _a16 _e1 _mS129g _2DEWEY _h658.314 |
||
| 999 |
_c47213 _d47213 |
||